| 000 | 00455nam a22001697a 4500 | ||
|---|---|---|---|
| 003 | CEME | ||
| 005 | 20210628203156.0 | ||
| 008 | 210420b xxu||||| |||| 00| 0 eng d | ||
| 020 | _a969-8125-06-5 | ||
| 040 | _c. | ||
| 082 | _a 958.1 KAM'P | ||
| 100 |
_aMatinuddin, Kamal (Retd) Lt Gen _963776 |
||
| 245 | _aPower struggle in the hindu kush afghanistan (1978-1991) | ||
| 260 |
_aRAWALPINDI _bARMY EDUCATION _c1991 |
||
| 300 | _a377P | ||
| 942 |
_cBK _2ddc |
||
| 999 |
_c572496 _d572496 |
||